000 02869ncm0a2200469 4500
001 RU\NLR\ONIZ\225188
005 20250626155411.0
035 _a(NLR Aleph) 011953135
071 2 0 _aМ. 10959 Г.
090 _a11160437
_c11160437
100 _a20190304d1930 |||y0rusy50 ca
101 1 _arus
_aukr
102 _aRU
125 _aax
128 _asg
145 0 _ac
200 1 _aВинтовочка
_bНоты
_e"Меня милка провожала..."
_dВiнтiвочка
_e"Мене люба виряджала..."
_eдля среднего голоса [с фортепиано]
_zukr
_fмуз. Ю. Милютина
_gслова Уральского
_gукр. текст П. Опанаса
210 _aМосква
_cГос. изд-во. Муз. сектор
_d1930
215 _a3 с.
_d32 см
225 1 _aРепертуар советской эстрады
300 _aВ надзаг.: Пролетарии всех стран, соединяйтесь!
313 _aСистематизация документа проведена по изданию - Методика классифицирования музыкальных произведений (нотных изданий) по таблицам Библиотечно-библиографических классификаций : метод. рекомендации / Гос. б-ка СССР им. В.И. Ленина.- М., 1977. Индексу ББК методических рекомендаций присваивается код ББК для научных библиотек - LBC/SL
317 _6b04899
_6z06703
_aНа тит. л. рукоп.: З. Аббакумов
_5NLR
317 _6b04899
_6z06703
_aНа тит. л. штамп: Из библиотеки З. Я. Аббакумова
_5NLR
606 1 _aВокальные произведения для среднего голоса
_2nlr_sh
686 _aЩ943.2-42-041.1(2)
_vLBC/SL
_2rubbk
700 1 _9z01790
_aМилютин
_bЮ. С.
_f1903-1968
_gЮрий (Георгий) Сергеевич
_4230
_7ca
702 1 _9z02790
_aЗаякин-Уральский
_bП. И.
_f1877-1920
_gПавел Иванович
_4520
_7ca
702 1 _9z03790
_aОпанас
_bП.
_4730
_7ca
703 1 _6z06317
_9z05790
_aАббакумов
_bЗ. Я.
_f1894-1944
_gЗосима Яковлевич
_4390
790 1 _9z01700
_aMiljutin
_bJ. (. S.
_f1903-1968
_gJurij (Georgij) Sergeevič
_4230
_7ba
790 1 _9z02702
_aУральский
_bП.
_f1877-1920
_gПавел
_4520
_7ca
790 1 _9z03702
_aOpanas
_bP.
_4730
_7ba
790 1 _9z05703
_aAbbakumov
_bZ. J.
_f1894-1944
_gZosima Jakovlevič
_4390
_7ba
801 0 _aRU
_bNLR
_c20190304
_gPSBO
801 1 _aRU
_bNLR
_c20190304
_2rusmarc
801 2 _aRU
_bNLR
_c20200219
852 _6b04317
_aNLR
_bМ
_jАбк-4/39
_p259573
_t1
942 _cSCORE
980 _aNB
980 _aONIZ